[Event "Team Championship of Russia (rapid)"]
[Site "Sochi"]
[Date "2015.05.08"]
[Round "4.16"]
[White "Maletin, Pavel"]
[Black "Palchun, Grigory"]
[Result "1-0"]
[LiveChessVersion "1.4.4"]
[BlackElo "2330"]
[WhiteElo "2540"]
[WhiteTeam "Siberia"]

1. Nf3 {[%clk 0:15:18]} Nf6 {[%clk 0:15:19]} 2. g3 {[%clk 0:15:27]} d5
{[%clk 0:15:28]} 3. Bg2 {[%clk 0:15:35]} c6 {[%clk 0:15:37]} 4. c4
{[%clk 0:15:44]} Bf5 {[%clk 0:15:34]} 5. cxd5 {[%clk 0:15:49]} cxd5
{[%clk 0:15:40]} 6. Qb3 {[%clk 0:15:58]} Qc8 {[%clk 0:15:26]} 7. Nc3
{[%clk 0:16:03]} e6 {[%clk 0:15:33]} 8. d3 {[%clk 0:16:02]} Nc6 {[%clk 0:15:19]}
9. Bf4 {[%clk 0:15:54]} Bb4 {[%clk 0:14:30]} 10. O-O {[%clk 0:15:56]} O-O
{[%clk 0:14:35]} 11. Rac1 {[%clk 0:15:57]} Qd7 {[%clk 0:14:04]} 12. Ne5
{[%clk 0:14:24]} Nxe5 {[%clk 0:14:02]} 13. Bxe5 {[%clk 0:14:21]} Bxc3
{[%clk 0:11:41]} 14. bxc3 {[%clk 0:14:03]} Ng4 {[%clk 0:11:08]} 15. Bf4
{[%clk 0:13:02]} e5 {[%clk 0:11:05]} 16. Bd2 {[%clk 0:12:51]} Be6
{[%clk 0:11:10]} 17. h3 {[%clk 0:11:47]} Nf6 {[%clk 0:11:19]} 18. Bg5
{[%clk 0:11:54]} Ne8 {[%clk 0:10:16]} 19. c4 {[%clk 0:11:33]} dxc4
{[%clk 0:09:59]} 20. dxc4 {[%clk 0:11:40]} f6 {[%clk 0:09:17]} 21. Rfd1
{[%clk 0:11:25]} Qf7 {[%clk 0:07:22]} 22. Be3 {[%clk 0:11:30]} Rc8
{[%clk 0:07:22]} 23. Bxa7 {[%clk 0:07:51]} b5 {[%clk 0:06:55]} 24. Qe3
{[%clk 0:06:53]} Rxc4 {[%clk 0:05:42]} 25. Bc5 {[%clk 0:06:43]} Rxc1
{[%clk 0:05:42]} 26. Qxc1 {[%clk 0:06:21]} Bxa2 {[%clk 0:05:32]} 27. Bxf8
{[%clk 0:06:11]} Qxf8 {[%clk 0:04:43]} 28. Qc6 {[%clk 0:05:59]} b4
{[%clk 0:03:46]} 29. Rd8 {[%clk 0:06:00]} Kf7 {[%clk 0:03:55]} 30. Bd5+
{[%clk 0:05:35]} Bxd5 {[%clk 0:04:02]} 31. Qxd5+ {[%clk 0:05:43]} Kg6
{[%clk 0:04:10]} 32. Qd7 {[%clk 0:05:49]} 1-0

[Event "Team Championship of Russia (rapid)"]
[Site "Sochi"]
[Date "2015.05.08"]
[Round "4.17"]
[White "Panarin, Mikhail"]
[Black "Kamsky, Gata"]
[Result "1/2-1/2"]
[LiveChessVersion "1.4.4"]
[BlackElo "2675"]
[WhiteElo "2642"]
[BlackTeam "Ladya"]

1. e4 {[%clk 0:15:16]} c5 {[%clk 0:15:18]} 2. Nf3 {[%clk 0:15:24]} e6
{[%clk 0:15:27]} 3. d4 {[%clk 0:14:46]} cxd4 {[%clk 0:15:34]} 4. Nxd4
{[%clk 0:14:54]} a6 {[%clk 0:15:43]} 5. Nc3 {[%clk 0:14:38]} b5 {[%clk 0:15:51]}
6. Bd3 {[%clk 0:14:42]} Bb7 {[%clk 0:15:55]} 7. O-O {[%clk 0:14:37]} Ne7
{[%clk 0:15:28]} 8. Re1 {[%clk 0:12:08]} Nbc6 {[%clk 0:14:43]} 9. Nxc6
{[%clk 0:11:54]} Bxc6 {[%clk 0:14:47]} 10. Bg5 {[%clk 0:10:02]} Qb8
{[%clk 0:10:01]} 11. e5 {[%clk 0:05:47]} Qb7 {[%clk 0:09:41]} 12. Bxe7
{[%clk 0:04:35]} Bxe7 {[%clk 0:09:48]} 13. Be4 {[%clk 0:04:40]} O-O
{[%clk 0:09:05]} 14. Qd3 {[%clk 0:04:43]} Bxe4 {[%clk 0:06:09]} 15. Nxe4
{[%clk 0:04:51]} Rac8 {[%clk 0:05:15]} 16. Rad1 {[%clk 0:04:47]} Rc7
{[%clk 0:05:12]} 17. c3 {[%clk 0:04:41]} Qc6 {[%clk 0:05:11]} 18. a3
{[%clk 0:04:19]} a5 {[%clk 0:03:54]} 19. Qg3 {[%clk 0:03:50]} Kh8
{[%clk 0:03:49]} 20. Rd3 {[%clk 0:03:15]} b4 {[%clk 0:03:34]} 21. axb4
{[%clk 0:03:23]} axb4 {[%clk 0:03:42]} 22. h4 {[%clk 0:03:09]} bxc3
{[%clk 0:03:46]} 23. bxc3 {[%clk 0:03:13]} Ra7 {[%clk 0:03:15]} 24. Qf4
{[%clk 0:02:01]} Ra4 {[%clk 0:01:48]} 25. g3 {[%clk 0:02:00]} f5 {[%clk 0:01:47]}
26. exf6 {[%clk 0:02:09]} gxf6 {[%clk 0:01:54]} 27. Qf3 {[%clk 0:01:55]} Rfa8
{[%clk 0:01:28]} 28. Kg2 {[%clk 0:01:48]} Rf8 {[%clk 0:01:20]} 29. Kg1
{[%clk 0:01:12]} Rfa8 {[%clk 0:00:53]} 30. Kg2 {[%clk 0:01:20]} Rf8
{[%clk 0:01:02]} 1/2-1/2

[Event "Team Championship of Russia (rapid)"]
[Site "Sochi"]
[Date "2015.05.08"]
[Round "4.18"]
[White "Artemiev, Vladislav"]
[Black "Bryzgalin, Kirill"]
[Result "1-0"]
[LiveChessVersion "1.4.4"]
[BlackElo "2588"]
[WhiteElo "2562"]
[WhiteTeam "Ladya"]

1. Nf3 {[%clk 0:15:11]} d5 {[%clk 0:15:17]} 2. g3 {[%clk 0:15:16]} c6
{[%clk 0:15:23]} 3. Bg2 {[%clk 0:15:24]} g6 {[%clk 0:15:27]} 4. O-O
{[%clk 0:15:27]} Bg7 {[%clk 0:15:35]} 5. d3 {[%clk 0:15:35]} e5 {[%clk 0:15:32]}
6. Nbd2 {[%clk 0:15:26]} Ne7 {[%clk 0:15:32]} 7. e4 {[%clk 0:15:33]} O-O
{[%clk 0:15:40]} 8. Re1 {[%clk 0:15:37]} d4 {[%clk 0:15:16]} 9. Nc4
{[%clk 0:15:15]} Qc7 {[%clk 0:15:10]} 10. c3 {[%clk 0:13:40]} b5 {[%clk 0:13:35]}
11. Ncd2 {[%clk 0:13:44]} c5 {[%clk 0:08:16]} 12. a4 {[%clk 0:13:02]} dxc3
{[%clk 0:08:20]} 13. bxc3 {[%clk 0:13:10]} b4 {[%clk 0:08:29]} 14. Qc2
{[%clk 0:13:12]} Nbc6 {[%clk 0:08:21]} 15. Nb3 {[%clk 0:13:20]} c4
{[%clk 0:07:03]} 16. dxc4 {[%clk 0:13:27]} Bg4 {[%clk 0:06:43]} 17. Be3
{[%clk 0:12:58]} Rab8 {[%clk 0:06:24]} 18. a5 {[%clk 0:11:53]} Rfd8
{[%clk 0:06:26]} 19. Nc5 {[%clk 0:10:54]} Qc8 {[%clk 0:06:11]} 20. Rab1
{[%clk 0:08:39]} bxc3 {[%clk 0:05:57]} 21. Rxb8 {[%clk 0:08:45]} Qxb8
{[%clk 0:05:59]} 22. Qxc3 {[%clk 0:08:53]} Nd4 {[%clk 0:05:48]} 23. Bxd4
{[%clk 0:08:55]} exd4 {[%clk 0:05:54]} 24. Qa3 {[%clk 0:09:04]} Nc6
{[%clk 0:05:53]} 25. Nd3 {[%clk 0:08:01]} Qc7 {[%clk 0:06:00]} 26. a6
{[%clk 0:05:19]} Bxf3 {[%clk 0:03:14]} 27. Bxf3 {[%clk 0:05:25]} Ne5
{[%clk 0:03:22]} 28. Be2 {[%clk 0:04:37]} Bf8 {[%clk 0:02:31]} 29. Qa4
{[%clk 0:03:04]} Rb8 {[%clk 0:02:09]} 30. Kg2 {[%clk 0:01:12]} Bc5
{[%clk 0:01:41]} 31. Nf4 {[%clk 0:01:11]} Qd6 {[%clk 0:01:18]} 32. Rd1
{[%clk 0:01:03]} Kg7 {[%clk 0:01:22]} 33. Qa1 {[%clk 0:00:25]} Rb6
{[%clk 0:01:21]} 34. Nd5 {[%clk 0:00:34]} Rxa6 {[%clk 0:01:28]} 35. Qb2
{[%clk 0:00:43]} Ra4 {[%clk 0:00:57]} 36. Qc2 {[%clk 0:00:25]} Qa6
{[%clk 0:00:53]} 37. Rd2 {[%clk 0:00:27]} Ra3 {[%clk 0:00:58]} 38. Qb2
{[%clk 0:00:25]} Nc6 {[%clk 0:01:02]} 39. h4 {[%clk 0:00:27]} Qa5
{[%clk 0:01:05]} 40. h5 {[%clk 0:00:26]} Rb3 {[%clk 0:01:01]} 41. Qc1
{[%clk 0:00:18]} Qa3 {[%clk 0:00:59]} 42. Qh1 {[%clk 0:00:17]} Rb2
{[%clk 0:00:58]} 43. h6+ {[%clk 0:00:12]} Kf8 {[%clk 0:01:05]} 44. Qc1
{[%clk 0:00:18]} Ra2 {[%clk 0:00:44]} 45. Qd1 {[%clk 0:00:17]} Ne5
{[%clk 0:00:44]} 46. Qb1 {[%clk 0:00:20]} 1-0

[Event "Team Championship of Russia (rapid)"]
[Site "Sochi"]
[Date "2015.05.08"]
[Round "4.19"]
[White "Lugovskoy, Maxim"]
[Black "Timofeev, Artyom"]
[Result "1-0"]
[LiveChessVersion "1.4.4"]
[BlackElo "2588"]
[WhiteElo "2445"]
[BlackTeam "Ladya"]

1. e4 {[%clk 0:15:18]} e6 {[%clk 0:15:18]} 2. d4 {[%clk 0:15:24]} d5
{[%clk 0:15:26]} 3. Nc3 {[%clk 0:15:32]} Nc6 {[%clk 0:15:34]} 4. Nf3
{[%clk 0:15:32]} Nf6 {[%clk 0:15:39]} 5. e5 {[%clk 0:15:40]} Ne4 {[%clk 0:15:36]}
6. Bd3 {[%clk 0:15:29]} Bb4 {[%clk 0:15:38]} 7. Bd2 {[%clk 0:15:36]} Nxd2
{[%clk 0:15:43]} 8. Qxd2 {[%clk 0:15:43]} f6 {[%clk 0:15:49]} 9. Bb5
{[%clk 0:13:26]} Bd7 {[%clk 0:15:42]} 10. Bxc6 {[%clk 0:13:26]} Bxc6
{[%clk 0:15:44]} 11. O-O-O {[%clk 0:13:15]} Qd7 {[%clk 0:14:06]} 12. Rhe1
{[%clk 0:13:09]} f5 {[%clk 0:14:09]} 13. h4 {[%clk 0:13:04]} Bb5 {[%clk 0:13:33]}
14. a3 {[%clk 0:13:06]} Be7 {[%clk 0:13:39]} 15. Kb1 {[%clk 0:12:52]} O-O
{[%clk 0:13:22]} 16. Ng5 {[%clk 0:12:17]} Ba6 {[%clk 0:13:12]} 17. Ne2
{[%clk 0:11:42]} Bxe2 {[%clk 0:13:16]} 18. Qxe2 {[%clk 0:11:39]} h6
{[%clk 0:13:18]} 19. Nf3 {[%clk 0:11:27]} a5 {[%clk 0:13:17]} 20. Rg1 b5
{[%clk 0:12:28]} 21. g4 {[%clk 0:10:32]} fxg4 {[%clk 0:12:29]} 22. Rxg4
{[%clk 0:10:40]} b4 {[%clk 0:12:31]} 23. a4 {[%clk 0:09:31]} Qxa4
{[%clk 0:10:15]} 24. Rdg1 {[%clk 0:09:26]} Rf7 {[%clk 0:10:22]} 25. Qe3
{[%clk 0:09:31]} Bf8 {[%clk 0:10:12]} 26. Rg6 {[%clk 0:08:18]} b3
{[%clk 0:08:44]} 27. cxb3 {[%clk 0:08:21]} Qb5 {[%clk 0:08:51]} 28. Nh2
{[%clk 0:07:47]} Rb8 {[%clk 0:04:44]} 29. Ng4 {[%clk 0:07:41]} Kh7
{[%clk 0:04:52]} 30. Qg3 {[%clk 0:05:28]} Qxb3 {[%clk 0:04:17]} 31. Rxh6+
{[%clk 0:05:03]} Kg8 {[%clk 0:04:23]} 32. Qxb3 {[%clk 0:05:00]} Rxb3
{[%clk 0:04:30]} 33. Nf6+ {[%clk 0:05:09]} Rxf6 {[%clk 0:04:37]} 34. exf6
{[%clk 0:05:15]} Rf3 {[%clk 0:03:58]} 35. Rhg6 {[%clk 0:05:05]} Rxf2
{[%clk 0:01:01]} 36. fxg7 {[%clk 0:05:11]} Be7 {[%clk 0:01:09]} 37. Rh6
{[%clk 0:05:16]} 1-0

[Event "Team Championship of Russia (rapid)"]
[Site "Sochi"]
[Date "2015.05.08"]
[Round "4.20"]
[White "Murtazin, Bulat"]
[Black "Oganian, Miran"]
[Result "1-0"]
[LiveChessVersion "1.4.4"]
[BlackElo "2433"]
[WhiteElo "2617"]

1. d4 {[%clk 0:15:18]} Nf6 {[%clk 0:15:09]} 2. c4 {[%clk 0:15:27]} c5
{[%clk 0:15:18]} 3. d5 {[%clk 0:15:36]} e6 {[%clk 0:15:27]} 4. Nc3
{[%clk 0:15:44]} exd5 {[%clk 0:15:37]} 5. cxd5 {[%clk 0:15:53]} d6
{[%clk 0:15:46]} 6. Nf3 {[%clk 0:16:02]} g6 {[%clk 0:15:55]} 7. Bf4
{[%clk 0:16:11]} a6 {[%clk 0:16:04]} 8. Nd2 {[%clk 0:16:12]} b5 {[%clk 0:15:42]}
9. a4 {[%clk 0:16:20]} b4 {[%clk 0:15:06]} 10. Nce4 {[%clk 0:16:28]} Nxe4
{[%clk 0:14:48]} 11. Nxe4 {[%clk 0:16:36]} Be7 {[%clk 0:14:54]} 12. h4
{[%clk 0:16:13]} O-O {[%clk 0:13:27]} 13. g3 {[%clk 0:16:12]} Bf5
{[%clk 0:13:15]} 14. Bg2 {[%clk 0:16:16]} Bxe4 {[%clk 0:12:04]} 15. Bxe4
{[%clk 0:16:24]} f5 {[%clk 0:11:46]} 16. Bg2 {[%clk 0:16:13]} Bf6
{[%clk 0:11:49]} 17. Qc2 {[%clk 0:16:22]} Qe7 {[%clk 0:11:50]} 18. O-O
{[%clk 0:15:54]} Nd7 {[%clk 0:11:54]} 19. Rfe1 {[%clk 0:15:49]} Be5
{[%clk 0:10:47]} 20. Bh6 {[%clk 0:14:44]} Bg7 {[%clk 0:08:47]} 21. Bg5
{[%clk 0:14:05]} Bf6 {[%clk 0:07:53]} 22. e4 {[%clk 0:13:57]} Qg7
{[%clk 0:04:57]} 23. exf5 {[%clk 0:13:49]} Bxb2 {[%clk 0:04:22]} 24. Re7
{[%clk 0:10:45]} Bxa1 {[%clk 0:03:02]} 25. Rxg7+ {[%clk 0:10:54]} Bxg7
{[%clk 0:03:11]} 26. fxg6 {[%clk 0:11:03]} Rab8 {[%clk 0:02:27]} 27. Qe2
{[%clk 0:10:29]} Ne5 {[%clk 0:01:41]} 28. gxh7+ {[%clk 0:09:55]} Kh8
{[%clk 0:01:49]} 29. Be7 {[%clk 0:08:53]} Rfe8 {[%clk 0:01:24]} 30. Bxd6
{[%clk 0:08:13]} Nf7 {[%clk 0:01:31]} 31. Qxa6 {[%clk 0:08:21]} Nxd6
{[%clk 0:01:34]} 32. Qxd6 {[%clk 0:08:29]} b3 {[%clk 0:01:42]} 33. Be4
{[%clk 0:08:38]} c4 {[%clk 0:01:12]} 34. h5 {[%clk 0:07:47]} c3 {[%clk 0:01:11]}
35. h6 {[%clk 0:07:56]} Be5 {[%clk 0:01:19]} 36. Qg6 {[%clk 0:08:05]} Rbc8
{[%clk 0:01:07]} 37. d6 {[%clk 0:07:42]} Rf8 {[%clk 0:00:18]} 38. d7
{[%clk 0:06:50]} Rcd8 {[%clk 0:00:27]} 39. Qe6 {[%clk 0:06:36]} Bd4
{[%clk 0:00:35]} 40. Qxb3 {[%clk 0:06:45]} Rxd7 {[%clk 0:00:20]} 41. Kg2
{[%clk 0:06:43]} Rxf2+ 42. Kh3 Rf8 {[%clk 0:00:34]} 43. g4 {[%clk 0:04:14]} Bf6
{[%clk 0:00:42]} 44. g5 {[%clk 0:03:33]} Bxg5 {[%clk 0:00:47]} 45. Qxc3+
{[%clk 0:03:42]} Bf6 {[%clk 0:00:55]} 46. Qc5 {[%clk 0:03:06]} Rfd8
{[%clk 0:00:38]} 47. a5 {[%clk 0:03:02]} Rd4 {[%clk 0:00:41]} 48. Qf5
{[%clk 0:03:07]} R4d6 {[%clk 0:00:49]} 49. Qf1 {[%clk 0:01:57]} Bc3
{[%clk 0:00:49]} 50. a6 {[%clk 0:01:30]} Rxh6+ {[%clk 0:00:57]} 51. Kg4
{[%clk 0:01:40]} Rf6 {[%clk 0:00:40]} 52. Qc4 {[%clk 0:01:45]} Bd4
{[%clk 0:00:23]} 53. Bd5 {[%clk 0:01:06]} Be5 {[%clk 0:00:28]} 54. Kg5
{[%clk 0:00:48]} Kxh7 {[%clk 0:00:27]} 55. a7 {[%clk 0:00:57]} Rff8
{[%clk 0:00:13]} 56. a8=Q {[%clk 0:00:54]} Bf6+ {[%clk 0:00:20]} 57. Kh5
{[%clk 0:01:00]} Rxa8 {[%clk 0:00:27]} 58. Bxa8 {[%clk 0:01:10]} Bg7
{[%clk 0:00:29]} 59. Be4+ {[%clk 0:01:16]} Kh8 60. Qc6 {[%clk 0:01:19]} Bf6
{[%clk 0:00:16]} 61. Bf5 {[%clk 0:01:18]} Kg7 {[%clk 0:00:19]} 62. Qb7+
{[%clk 0:01:05]} Rf7 {[%clk 0:00:26]} 63. Qg2+ {[%clk 0:01:12]} Kf8
{[%clk 0:00:31]} 64. Qa8+ {[%clk 0:01:12]} Ke7 {[%clk 0:00:27]} 65. Qa3+
{[%clk 0:00:54]} Kd8 {[%clk 0:00:28]} 66. Kg6 {[%clk 0:01:04]} Rg7+
{[%clk 0:00:13]} 67. Kxf6 {[%clk 0:01:09]} Rf7+ {[%clk 0:00:15]} 68. Kxf7
{[%clk 0:01:15]} 1-0

[Event "Team Championship of Russia (rapid)"]
[Site "Sochi"]
[Date "2015.05.08"]
[Round "4.21"]
[White "Golubov, Saveliy"]
[Black "Alekseev, Evgeny"]
[Result "1/2-1/2"]
[LiveChessVersion "1.4.4"]
[BlackElo "2801"]
[WhiteElo "2440"]
[BlackTeam "University"]
[WhiteTeam "SHK Rakita"]

1. e4 {[%clk 0:15:18]} c5 {[%clk 0:15:18]} 2. Nf3 {[%clk 0:15:26]} Nc6
{[%clk 0:15:26]} 3. d4 {[%clk 0:15:32]} cxd4 {[%clk 0:15:33]} 4. Nxd4
{[%clk 0:15:40]} Qb6 {[%clk 0:15:37]} 5. Nb3 {[%clk 0:15:34]} Nf6
{[%clk 0:15:41]} 6. Nc3 {[%clk 0:15:38]} e6 {[%clk 0:15:46]} 7. Qe2
{[%clk 0:15:28]} Be7 {[%clk 0:14:56]} 8. Be3 {[%clk 0:15:17]} Qc7
{[%clk 0:14:58]} 9. O-O-O {[%clk 0:15:11]} O-O {[%clk 0:14:53]} 10. f4
{[%clk 0:14:43]} d5 {[%clk 0:13:47]} 11. e5 {[%clk 0:14:16]} Nd7 {[%clk 0:13:54]}
12. Nb5 {[%clk 0:13:54]} Qb8 {[%clk 0:13:01]} 13. Kb1 {[%clk 0:13:42]} b6
{[%clk 0:11:29]} 14. Qf2 {[%clk 0:13:16]} Ba6 {[%clk 0:10:40]} 15. N5d4
{[%clk 0:12:28]} Nxd4 {[%clk 0:10:40]} 16. Nxd4 {[%clk 0:12:32]} Bxf1
{[%clk 0:10:36]} 17. Nc6 {[%clk 0:12:09]} Qe8 {[%clk 0:10:43]} 18. Qxf1
{[%clk 0:11:47]} Bc5 {[%clk 0:09:39]} 19. Bd4 {[%clk 0:09:22]} Nb8
{[%clk 0:08:34]} 20. Nxb8 {[%clk 0:09:20]} Rxb8 {[%clk 0:08:41]} 21. c4
{[%clk 0:09:10]} Qc6 {[%clk 0:07:48]} 22. cxd5 {[%clk 0:09:03]} Qxd5
{[%clk 0:07:57]} 23. Bxc5 {[%clk 0:09:08]} Qxc5 {[%clk 0:08:06]} 24. Qd3
{[%clk 0:08:38]} Rbc8 {[%clk 0:07:21]} 25. Qe4 {[%clk 0:07:32]} h6
{[%clk 0:06:45]} 26. Rd6 {[%clk 0:06:56]} Qc4 {[%clk 0:05:24]} 1/2-1/2

[Event "Team Championship of Russia (rapid)"]
[Site "Sochi"]
[Date "2015.05.08"]
[Round "4.22"]
[White "Landa, Konstantin"]
[Black "Ivanov, Alexander Al."]
[Result "1/2-1/2"]
[LiveChessVersion "1.4.4"]
[BlackElo "2407"]
[WhiteElo "2608"]
[BlackTeam "SHK Rakita"]
[WhiteTeam "University"]

1. d4 {[%clk 0:15:16]} d6 {[%clk 0:15:18]} 2. Nf3 {[%clk 0:15:19]} Nf6
{[%clk 0:15:25]} 3. c4 {[%clk 0:15:25]} Nbd7 {[%clk 0:15:32]} 4. Nc3
{[%clk 0:15:31]} e5 {[%clk 0:15:40]} 5. e4 {[%clk 0:15:27]} Be7 {[%clk 0:15:47]}
6. Be2 {[%clk 0:15:29]} O-O {[%clk 0:15:55]} 7. O-O {[%clk 0:15:38]} h6
{[%clk 0:15:49]} 8. Re1 {[%clk 0:15:05]} Re8 {[%clk 0:15:41]} 9. Bf1
{[%clk 0:15:09]} Bf8 {[%clk 0:15:39]} 10. h3 {[%clk 0:14:24]} b6 {[%clk 0:15:19]}
11. g3 {[%clk 0:14:08]} c5 {[%clk 0:15:14]} 12. dxe5 {[%clk 0:13:40]} dxe5
{[%clk 0:15:19]} 13. Nd5 {[%clk 0:12:43]} Nb8 {[%clk 0:15:15]} 14. Bg2
{[%clk 0:11:01]} Nc6 {[%clk 0:15:24]} 15. b3 {[%clk 0:10:54]} Nh7
{[%clk 0:15:14]} 16. Bb2 {[%clk 0:10:48]} Rb8 {[%clk 0:10:03]} 17. Kh2
{[%clk 0:09:52]} Nd4 {[%clk 0:09:21]} 18. Nxd4 {[%clk 0:09:53]} cxd4
{[%clk 0:08:59]} 19. f4 {[%clk 0:09:57]} f6 {[%clk 0:09:03]} 20. f5
{[%clk 0:09:18]} b5 {[%clk 0:08:31]} 21. cxb5 {[%clk 0:08:20]} Rxb5
{[%clk 0:08:35]} 22. Qd3 {[%clk 0:06:43]} Bd7 {[%clk 0:07:19]} 23. Rac1
{[%clk 0:06:16]} Bd6 {[%clk 0:07:16]} 24. h4 {[%clk 0:05:31]} Qb8
{[%clk 0:07:06]} 25. Qf3 {[%clk 0:05:12]} Rc8 {[%clk 0:07:01]} 26. Rxc8+
{[%clk 0:04:12]} Qxc8 {[%clk 0:07:04]} 27. Bf1 {[%clk 0:03:58]} Qc2+
{[%clk 0:04:50]} 28. Re2 {[%clk 0:04:06]} Qb1 {[%clk 0:04:52]} 29. Rg2
{[%clk 0:04:03]} Rb8 {[%clk 0:04:28]} 30. Bc4 {[%clk 0:03:43]} Kh8
{[%clk 0:03:41]} 31. g4 {[%clk 0:02:40]} Bb5 {[%clk 0:03:42]} 32. Bxb5
{[%clk 0:02:23]} Rxb5 {[%clk 0:03:51]} 33. g5 {[%clk 0:02:26]} fxg5
{[%clk 0:03:53]} 34. hxg5 {[%clk 0:02:35]} hxg5 {[%clk 0:03:42]} 35. f6
{[%clk 0:02:06]} Rxd5 {[%clk 0:03:24]} 36. fxg7+ {[%clk 0:01:50]} Kxg7
{[%clk 0:03:32]} 37. Qf5 {[%clk 0:01:48]} Be7 {[%clk 0:03:37]} 38. Qe6
{[%clk 0:01:50]} Qxe4 {[%clk 0:03:34]} 39. Qxe7+ {[%clk 0:01:58]} Kg6
{[%clk 0:02:34]} 40. Qe8+ {[%clk 0:02:01]} Kg7 {[%clk 0:02:30]} 41. Qe7+
{[%clk 0:02:08]} Kg6 {[%clk 0:02:34]} 42. Qe8+ {[%clk 0:02:07]} Kh6 43. Qe6+
1/2-1/2

[Event "Team Championship of Russia (rapid)"]
[Site "Sochi"]
[Date "2015.05.08"]
[Round "4.23"]
[White "Khoroshilov, Nikita"]
[Black "Aleksandrov, Aleksej"]
[Result "1/2-1/2"]
[LiveChessVersion "1.4.4"]
[BlackElo "2685"]
[WhiteElo "2283"]
[WhiteTeam "SHK Rakita"]

1. Nf3 {[%clk 0:15:15]} Nf6 {[%clk 0:15:15]} 2. d3 {[%clk 0:15:15]} d5
{[%clk 0:15:09]} 3. Nbd2 {[%clk 0:15:23]} Nc6 {[%clk 0:15:11]} 4. e4
{[%clk 0:15:30]} e5 {[%clk 0:15:15]} 5. Be2 {[%clk 0:15:17]} g6 {[%clk 0:15:20]}
6. O-O {[%clk 0:15:22]} Bg7 {[%clk 0:15:28]} 7. c3 {[%clk 0:15:27]} a5
{[%clk 0:15:36]} 8. b3 {[%clk 0:15:28]} O-O {[%clk 0:15:42]} 9. Re1
{[%clk 0:15:24]} Re8 {[%clk 0:15:45]} 10. a3 {[%clk 0:15:03]} Bd7
{[%clk 0:12:37]} 11. Qc2 {[%clk 0:14:38]} b5 {[%clk 0:12:39]} 12. Bb2
{[%clk 0:13:41]} Qb8 {[%clk 0:12:16]} 13. g3 {[%clk 0:11:40]} Qa7
{[%clk 0:11:17]} 14. b4 {[%clk 0:09:09]} a4 {[%clk 0:10:58]} 15. exd5
{[%clk 0:08:19]} Nxd5 {[%clk 0:10:54]} 16. c4 {[%clk 0:08:24]} bxc4
{[%clk 0:10:57]} 17. dxc4 {[%clk 0:08:26]} Nf6 {[%clk 0:11:04]} 18. c5
{[%clk 0:08:20]} Rad8 {[%clk 0:10:15]} 19. Bb5 {[%clk 0:06:30]} Nxb4
{[%clk 0:10:08]} 20. axb4 {[%clk 0:06:33]} Bxb5 {[%clk 0:10:17]} 21. Bxe5
{[%clk 0:06:13]} Qa6 {[%clk 0:10:18]} 22. Bxc7 {[%clk 0:05:46]} Rd3
{[%clk 0:09:35]} 23. Rxe8+ {[%clk 0:04:19]} Nxe8 {[%clk 0:09:32]} 24. Be5
{[%clk 0:04:26]} Nc7 {[%clk 0:09:32]} 25. Bxg7 {[%clk 0:03:55]} Kxg7
{[%clk 0:09:41]} 26. Ne5 {[%clk 0:03:28]} Rd5 {[%clk 0:09:22]} 27. Nec4
{[%clk 0:01:16]} Ne6 {[%clk 0:08:44]} 28. Nb6 {[%clk 0:01:00]} Rd3
{[%clk 0:08:11]} 29. Ndc4 {[%clk 0:00:58]} Rb3 {[%clk 0:06:58]} 30. Qxb3
{[%clk 0:00:26]} axb3 {[%clk 0:07:06]} 31. Rxa6 {[%clk 0:00:35]} Bxa6
{[%clk 0:07:15]} 32. Nd2 {[%clk 0:00:25]} Nd4 {[%clk 0:07:15]} 33. f3
{[%clk 0:00:29]} b2 {[%clk 0:06:45]} 34. Kf2 {[%clk 0:00:38]} Bb5
{[%clk 0:06:50]} 35. Nd5 {[%clk 0:00:25]} Bc6 {[%clk 0:06:31]} 36. Nc3
{[%clk 0:00:30]} Kf6 {[%clk 0:06:23]} 37. Nc4 {[%clk 0:00:18]} Nc2
{[%clk 0:05:59]} 38. Nxb2 {[%clk 0:00:17]} Nxb4 {[%clk 0:06:08]} 39. f4
{[%clk 0:00:14]} Ke6 {[%clk 0:05:38]} 40. Ke3 {[%clk 0:00:17]} Nc2+
{[%clk 0:05:40]} 41. Kd2 {[%clk 0:00:19]} Nd4 {[%clk 0:05:48]} 42. Ke3
{[%clk 0:00:23]} Nc2+ {[%clk 0:05:52]} 43. Kd2 {[%clk 0:00:29]} Nd4
{[%clk 0:06:00]} 44. Ke3 {[%clk 0:00:38]} Nc2+ {[%clk 0:05:58]} 45. Kd2
{[%clk 0:00:40]} Nd4 {[%clk 0:06:07]} 46. Ke1 1/2-1/2

[Event "Team Championship of Russia (rapid)"]
[Site "Sochi"]
[Date "2015.05.08"]
[Round "4.24"]
[White "Tregubov, Pavel V."]
[Black "Konaplev, Anton"]
[Result "1-0"]
[LiveChessVersion "1.4.4"]
[BlackElo "2033"]
[WhiteElo "2671"]
[BlackTeam "SHK Rakita"]
[WhiteTeam "University"]

1. d4 {[%clk 0:15:18]} d5 {[%clk 0:15:11]} 2. c4 {[%clk 0:15:26]} e6
{[%clk 0:15:19]} 3. Nc3 {[%clk 0:15:32]} c6 {[%clk 0:15:28]} 4. cxd5
{[%clk 0:15:01]} exd5 {[%clk 0:15:36]} 5. Nf3 {[%clk 0:15:11]} Bf5
{[%clk 0:15:44]} 6. Bf4 {[%clk 0:15:08]} Nf6 {[%clk 0:15:37]} 7. e3
{[%clk 0:15:14]} Bd6 {[%clk 0:15:18]} 8. Bd3 {[%clk 0:15:17]} Bxd3
{[%clk 0:15:09]} 9. Qxd3 {[%clk 0:15:26]} O-O {[%clk 0:14:59]} 10. O-O
{[%clk 0:15:34]} Re8 {[%clk 0:14:57]} 11. Rab1 {[%clk 0:13:35]} Qc7
{[%clk 0:14:17]} 12. Bxd6 {[%clk 0:13:12]} Qxd6 {[%clk 0:14:25]} 13. b4
{[%clk 0:13:22]} b5 {[%clk 0:14:18]} 14. a4 {[%clk 0:13:22]} a6 {[%clk 0:14:20]}
15. Nd2 {[%clk 0:13:23]} Nbd7 {[%clk 0:14:07]} 16. a5 {[%clk 0:13:32]} Qe6
{[%clk 0:13:26]} 17. Nb3 {[%clk 0:13:25]} Re7 {[%clk 0:13:21]} 18. Rfc1
{[%clk 0:13:09]} Ne8 {[%clk 0:12:48]} 19. Ne2 {[%clk 0:13:01]} Ndf6
{[%clk 0:11:23]} 20. Nf4 {[%clk 0:12:58]} Qc8 {[%clk 0:10:26]} 21. Qc3
{[%clk 0:10:56]} Rc7 {[%clk 0:10:19]} 22. f3 {[%clk 0:11:05]} Nd6
{[%clk 0:10:13]} 23. Nc5 {[%clk 0:11:15]} Re7 {[%clk 0:09:43]} 24. Re1
{[%clk 0:11:23]} Qe8 {[%clk 0:09:40]} 25. Re2 {[%clk 0:11:11]} g5
{[%clk 0:07:53]} 26. Nh3 {[%clk 0:11:19]} h6 {[%clk 0:06:34]} 27. Rbe1
{[%clk 0:11:26]} Raa7 {[%clk 0:05:44]} 28. Nf2 {[%clk 0:11:35]} Nh5
{[%clk 0:05:24]} 29. Ng4 {[%clk 0:09:42]} Kg7 {[%clk 0:04:33]} 30. g3
{[%clk 0:09:48]} Nc4 {[%clk 0:03:38]} 31. e4 {[%clk 0:08:36]} f5 {[%clk 0:02:54]}
32. Ne5 {[%clk 0:08:45]} fxe4 {[%clk 0:02:58]} 33. fxe4 {[%clk 0:08:53]} Nf6
{[%clk 0:02:49]} 34. Nxc4 {[%clk 0:07:05]} bxc4 {[%clk 0:02:27]} 35. e5
{[%clk 0:07:13]} Nd7 {[%clk 0:02:16]} 36. e6 {[%clk 0:06:09]} Nxc5
{[%clk 0:01:14]} 37. dxc5+ {[%clk 0:06:16]} Kh7 {[%clk 0:01:14]} 38. Qe5
{[%clk 0:06:03]} Qg6 {[%clk 0:00:50]} 39. Rf2 {[%clk 0:06:03]} Ra8
{[%clk 0:00:37]} 40. Rf6 {[%clk 0:05:58]} Qg7 {[%clk 0:00:44]} 41. Ref1
{[%clk 0:05:39]} Kg8 {[%clk 0:00:38]} 42. Qf5 {[%clk 0:05:30]} Kh8
{[%clk 0:00:21]} 43. Rg6 {[%clk 0:03:50]} Qd4+ {[%clk 0:00:27]} 44. Rf2
{[%clk 0:03:23]} Rh7 45. e7 {[%clk 0:02:08]} Rxe7 46. Rxh6+ Kg8 {[%clk 0:00:29]}
47. Qxg5+ {[%clk 0:02:24]} Rg7 {[%clk 0:00:33]} 48. Qh5 {[%clk 0:02:20]} Re7
{[%clk 0:00:12]} 49. Qg6+ {[%clk 0:02:19]} Qg7 {[%clk 0:00:15]} 50. Qxc6
{[%clk 0:02:20]} Qa1+ {[%clk 0:00:12]} 51. Kg2 {[%clk 0:02:18]} Rf8
{[%clk 0:00:12]} 52. Qxd5+ {[%clk 0:02:13]} Ref7 {[%clk 0:00:12]} 53. Rg6+
{[%clk 0:02:18]} Kh8 {[%clk 0:00:15]} 54. Qh5+ {[%clk 0:02:27]} 1-0